<?xml version="1.0" encoding="UTF-8"?>
<collection xmlns="http://www.loc.gov/MARC21/slim">
 <record>
  <leader>01951nam a2200229Ia 4500</leader>
  <controlfield tag="001">CTU_37468</controlfield>
  <controlfield tag="008">210402s9999    xx            000 0 und d</controlfield>
  <datafield tag="020" ind1=" " ind2=" ">
   <subfield code="c">47000</subfield>
  </datafield>
  <datafield tag="082" ind1=" " ind2=" ">
   <subfield code="a">868</subfield>
  </datafield>
  <datafield tag="082" ind1=" " ind2=" ">
   <subfield code="b">M357tr</subfield>
  </datafield>
  <datafield tag="100" ind1=" " ind2=" ">
   <subfield code="a">Marquez, Gabriel Garcia</subfield>
  </datafield>
  <datafield tag="245" ind1=" " ind2="0">
   <subfield code="a">Trăm năm cô đơn =</subfield>
  </datafield>
  <datafield tag="245" ind1=" " ind2="0">
   <subfield code="b">Cien anos de soledad</subfield>
  </datafield>
  <datafield tag="245" ind1=" " ind2="0">
   <subfield code="c">Gabriel Garcia Marquez; Nguyễn Trung Đức, Phạm Đình Lợi và Phạm Quốc Dũng biên dịch</subfield>
  </datafield>
  <datafield tag="260" ind1=" " ind2=" ">
   <subfield code="a">Hà Nội</subfield>
  </datafield>
  <datafield tag="260" ind1=" " ind2=" ">
   <subfield code="b">Văn Học</subfield>
  </datafield>
  <datafield tag="260" ind1=" " ind2=" ">
   <subfield code="c">2000</subfield>
  </datafield>
  <datafield tag="520" ind1=" " ind2=" ">
   <subfield code="a">Cho đến nay, Trăm năm cô đơn là cuốn tiểu thuyết lớn thứ nhất của García Marquez, nhà văn Colombia, người đã được giải Nobel văn học năm 1982. Trăm năm cô đơn đã gây dư luận sôi nổi trên văn đàn Mỹ Latinh và toàn thế giới. Tính đến năm 1970, Trăm năm cô đơn đã in hàng triệu bản, đã dịch hầu như khắp thế giới. Rõ ràng Trăm năm cô đơn là cuốn sách ăn khách, mặc dù tác giả viết không phải mục đích câu khách. Người đọc tìm đến với Trăm năm cô đơn bởi đó là cuốn sách văn học thực sự mang hơi thể đời sống hiện đại - Trăm Năm Cô Đơn của niềm tin và số phận con người. Thông điệp của Trăm năm cô đơn là: Hãy sống đúng bản chất con người, hãy vượt qua mọi định kiến cá nhân, hãy lấp bằng mọi hố ngăn cách cá nhân để cá nhân tự hoà đồng với gia đình, với cộng đồng xã hội...</subfield>
  </datafield>
  <datafield tag="650" ind1=" " ind2=" ">
   <subfield code="a">Colombian fiction ( vietnamese ),Colombian literature</subfield>
  </datafield>
  <datafield tag="650" ind1=" " ind2=" ">
   <subfield code="y">20th century</subfield>
  </datafield>
  <datafield tag="904" ind1=" " ind2=" ">
   <subfield code="i">Năm</subfield>
  </datafield>
  <datafield tag="980" ind1=" " ind2=" ">
   <subfield code="a">Trung tâm Học liệu Trường Đại học Cần Thơ</subfield>
  </datafield>
 </record>
</collection>
